000 01090nam a2200265 a 4500
003 MX-MxUPN
005 20240410063724.0
008 991125s1920 mx a r 000 0 spa d
035 _aUPN01000012557
040 _aMX-MxUPN
_bspa
_cMX-MxUPN
041 0 _aspa
050 4 _aLB1585 M6.4
_bL6.3 1920
100 1 _aLeón, Luis G.,
_d1866-1913
_928986
100 1 _aLeón, Dolores G. de
_950563
245 1 0 _aCuarto año de lecciones de cosas /
_cLuis G. León ; arreglado según el programa marcado por la Ley de Instrucción obligatoria por Dolores G. de León
250 _aDécimacuarta edición corregida y aumentada.
260 _aMéxico :
_bLibrería de la Vda. de Ch. Bouret,
_c1920.
300 _a174 páginas :
_bilustraciones
506 0 _aAcceso abierto.
530 _aTambién disponible en línea.
536 _aLibros de texto digitalizados bajo el patrocinio del Instituto Georg-Eckert.
650 4 _aCiencias naturales
_xEstudio y enseñanza (Elemental)
_92812
856 4 1 _uhttp://200.23.113.51/pdf/librosdetexto/122815LeonCuartoao.pdf
902 _bVíctor Ruiz/071123
999 _c12557
_d12557